000 00736nam a2200193 a 4500
008 071204s2006 ||||||||||||||||| || u
022 _a03056244
050 _aHC 800 Rev
100 _aBush, Ray
245 1 0 _aReview of African political economy: North Africa: power, politics & promise
_cedited by Ray Bush; Jeremy Keenan
260 _aSheffield
_bRoutledge
_c2006
300 _a-372p.: ill.
350 _a0.00
650 0 _aECONOMICS
650 _aECONOMICS--POLITICAL ASPECTS--AFRICA
650 _aECONOMICS--POLITICAL ASPECTS
700 _aKeenan, Jeremy
995 _D0.00
_FCBU-MAIN LIBRARY (Kitwe)
_H1
_I0.00
_M1
_UAVAILABLE
_WDec 4, 2007
_ZMain Library Open Access Collection
999 _c56468
_d56468